00370nam a22001337a 450000500170000000800410001704100120005808200120007010000120008224500410009426000450013530000300018065000260021020240808092028.0240808b |||||||| |||| 00| 0 eng d aEnglish a349 SOU lEnglish aSouth African Law Reports: Transvaal aCape Town: bJuta and Company Ltd,c1933 bxvi, 229 pages; c25 cm.  aLegal practice bLaw